Statistics for 5 Biggest Cities : Indonesia

Click here to take the quiz!

General Stats

  • This quiz has been taken 179 times
  • The average score is 4 of 5

Answer Stats

RankCity% Correct
1.Jakarta
100%
2.Surabaya
91%
3.Bandung
82%
4.Medan
76%
5.Bekasi
34%

Score Distribution

Percentile by Number Answered

Percent of People with Each Score

Your Score History

You have not taken this quiz